00541nam a2200157Ia 4500008004000000082001600040100002500056245006900081260003400150300001100184650001900195690001500214906001100229999001700240952012600257210210b1962 xxu||||| |||| 00| 0 eng d a142.78 KIEP aKIERKEGAARD (Soren). aPresent age and of the difference between a genius & an apostle. aN YbHarper Corch Booksc1962 a108,iv aExistentialism aPhilosophy a040990 c91056d91056 001040708PhilosophyaALbALcPhilosophyd2021-02-17g0.00l0o142.78 KIEPp040990r2021-02-17 00:00:00w2021-02-17yBK